000 01345cam a22002773a 4500
001 2150
003 PGUSA
005 20140828083011.0
008 000401s2000||||xxu|||||s|||||000 1 eng d
040 _aPGUSA
_beng
042 _adc
050 4 _aPS
100 1 _aPoe, Edgar Allan,
_d1809-1849
245 1 4 _aThe Works of Edgar Allan Poe — Volume 4
_h[electronic resource] /
_cEdgar Allan Poe
260 _bProject Gutenberg,
_c2000
505 0 _aThe devil in the belfry -- Lionizing -- X-ing a paragrab -- Metzengerstein -- The system of Doctor Tarr and Professor Fether -- The literary life of Thingum Bob, Esq. -- How to write a Blackwood article -- A predicament -- Mystification -- Diddling -- The Angel of the Odd -- Mellonia tauta -- The Duc De L'Omlette -- The oblong box -- Loss of breath -- The man that was used up -- The business man -- The landscape garden -- Maelzel's chess-player -- The power of words -- The colloquy of Monas and Una -- The conversation of Eiros and Charmion -- Shadow: a parable.
506 _aPublic domain in the USA.
516 _aElectronic text
653 _aHorror tales, American
653 _aAmerican fiction -- 19th century
653 _aFantasy fiction
653 _aShort stories
830 0 _aProject Gutenberg
_v2150
856 4 0 _uhttp://www.gutenberg.org/ebooks/2150
942 _cEB
999 _c231488
_d231488